000 01187nam a22002897a 4500
005 2013010206566.0
008 121226t xxu||||| |||| 00| 0 hin d
010 _aHIN-97840
020 _c200.00
_a9789381063279
035 _aHN-70186
037 _bDBAD / PUB
040 _aDPL
_bHN
082 _a827
100 _927482
_aजायसवाल, संजीव 'संजय'
245 _aडेमोक्रेसी का चौथा खंभा /
_cसंजीव जायसवाल 'संजय'
246 _aDemocracy ka chautha Khambha
_bby Sanjeev Jaiswal 'Sanjay'
260 _bग्रंथ अकादमी
_c2012
_aनई दिल्ली
270 _a1659, पुराना दरियागंज
_bनई दिल्ली
_e110002
300 1 _a168पृ.
_c22सेमी (सजिल्द)
650 _91170
_aव्यंग्य हिन्दी
650 _954593
700 _927483
710 _952094
711 _952444
942 _adpl
_cHN
_2ddc
_mजायस
_h827
999 _c72580
_d72580